Jesús en el hogar / (Registro nro. 13227)
[ vista simple ]
| 000 -LIDER | |
|---|---|
| fixed length control field | 00488nam a22001577a 4500 |
| 003 - IDENTIFICACDOR DE NÚMERO DE CONTROL | |
| control field | DO-SdBNP |
| 005 - DATE AND TIME OF LATEST TRANSACTION | |
| control field | 20171201090055.0 |
| 008 - ELEMENTOS DE LONGITUD FIJA | |
| fixed length control field | 171201b 2007sp||||| |||| 00| 0 spa d |
| 040 ## - FUENTE DE CATALOGACIÓN | |
| Agencia que crea de manera original el registro | BPMSU |
| Idioma de catalogación | spa |
| Agencia que realiza la transcripción | BPMSU |
| 100 ## - ASIENTO PRINCIPAL -- NOMBRE PERSONAL | |
| Nombre personal | Xavier, Francisco Candido |
| Fechas asociadas con el nombre | 1910-2002 |
| 245 1# - MENCIÓN DE TITULO | |
| Título | Jesús en el hogar / |
| Mención de responsabilidad | Francisco Candido Xavier , pelo espírito de Neio Lúcio |
| 260 ## - PUBLICACIÓN, DISTRIBUCIÓN, ETC. (PIE DE IMPRENTA) | |
| Lugar de publicación, distribución, etc | Caracas : |
| Nombre del editor, distribuidor, etc. | Mensaje Fraternal, |
| Fecha de publicación, distribución, etc | 2007 |
| 300 ## - DESCRIPCIÓN FÍSICA | |
| Extensión | 218p. |
| Dimensiones | 19 cm. |
| 942 ## - ADDED ENTRY ELEMENTS (KOHA) | |
| Source of classification or shelving scheme | Dewey Decimal Classification |
| Koha item type | Libros |
| 945 ## - INFORMACIÓN DE PROCESAMIENTO LOCAL | |
| Información de procesamiento local | Inventariado, 2017/MFF |
| Withdrawn status | Lost status | Source of classification or shelving scheme | Damaged status | Not for loan | Collection code | Home library | Current library | Date acquired | Total Checkouts | Barcode | Date last seen | Price effective from | Koha item type |
|---|---|---|---|---|---|---|---|---|---|---|---|---|---|
| Dewey Decimal Classification | Colección General | Biblioteca Pública Metropolitana Salomé Ureña | Biblioteca Pública Metropolitana Salomé Ureña | 12/01/2017 | BPMSU17120001 | 12/01/2017 | 12/01/2017 | Libros |